ბათუმის შოთა რუსთაველის სახელმწიფო უნივერსიტეტის ბიბლიოთეკა

Коммуникативная алгебра (ბიბ.ჩანაწერი № 48106)

000 -LEADER
fixed length control field 00525nam a2200205Ia 4500
001 - CONTROL NUMBER
control field 14987
003 - CONTROL NUMBER IDENTIFIER
control field GE_BSU
008 - FIXED-LENGTH DATA ELEMENTS--GENERAL INFORMATION
fixed length control field 181216s||||||||xx |||||||||||||| ||und||
040 ## - CATALOGING SOURCE
Transcribing agency GE_BSU
080 ## - UNIVERSAL DECIMAL CLASSIFICATION NUMBER
Universal Decimal Classification number 512.71
100 ## - MAIN ENTRY--PERSONAL NAME
Personal name Бурбаки,Н.
245 ## - TITLE STATEMENT
Title Коммуникативная алгебра
245 ## - TITLE STATEMENT
Statement of responsibility, etc. Под.ред.Е.С.Голода
260 ## - PUBLICATION, DISTRIBUTION, ETC.
Place of publication, distribution, etc. Москва
260 ## - PUBLICATION, DISTRIBUTION, ETC.
Name of publisher, distributor, etc. Мир
260 ## - PUBLICATION, DISTRIBUTION, ETC.
Date of publication, distribution, etc. 1971
300 ## - PHYSICAL DESCRIPTION
Extent 707стр.22см.
653 ## - INDEX TERM--UNCONTROLLED
Uncontrolled term Коммуникативная алгебра
942 ## - ADDED ENTRY ELEMENTS (KOHA)
Koha item type წიგნი
ეგზემპლარები
Withdrawn status Lost status Damaged status Not for loan Date acquired Barcode Date last seen Price effective from Koha item type
        2018-12-17 15006 2018-12-17 2018-12-17 წიგნი
        2018-12-17 15708 2018-12-17 2018-12-17 წიგნი
        2018-12-17 16640 2018-12-17 2018-12-17 წიგნი
        2018-12-17 16641 2018-12-17 2018-12-17 წიგნი